[Event "10' Torneo Citta' di Morrovalle"]
[Site "?"]
[Date "2022.08.15"]
[Round "6"]
[White "Corvi, Marco"]
[Black "Ballotti, Luca"]
[Result "0-1"]
[WhiteElo "2286"]
[BlackElo "2158"]
[PlyCount "128"]
[EventDate "2022.??.??"]
[SourceDate "2022.08.15"]

1. c4 e6 2. Nf3 d5 3. e3 Nf6 4. Nc3 Nbd7 5. b3 Bd6 6. Bb2 c6 7. Qc2 Qe7 8. Be2
h6 9. h3 a6 10. Nd4 c5 11. Nf3 b6 12. cxd5 exd5 13. O-O O-O 14. d4 Bb7 15. Rad1
Rac8 16. Qf5 Rfd8 17. dxc5 bxc5 18. Rfe1 Bc7 19. Bf1 Ba5 20. Re2 Re8 21. Na4
Ne4 22. Qg4 Ndf6 23. Bxf6 Qxf6 24. Rc2 Bc7 25. Bd3 Bd6 26. Ne1 c4 27. Bxe4 Rxe4
28. Qf3 Qe5 29. Nb6 Qh2+ 30. Kf1 Rce8 31. Nxd5 Bc6 32. Rxc4 Bb5 33. Nc3 Bxc4+
34. bxc4 Rf4 35. Qc6 Rxe3 36. Ne2 Re6 37. Nf3 Rxf3 38. Qxf3 Qh1+ 39. Ng1 Bh2
40. Rd8+ Kh7 41. Qf5+ Rg6 42. Qxf7 Qxg2+ 43. Ke2 Qe4+ 44. Kd2 Qf4+ 45. Qxf4
Bxf4+ 46. Kd3 Rxg1 47. Ra8 Rg6 48. c5 Bh2 49. Kc4 Bg1 50. Kd5 Bxf2 51. c6 Rg5+
52. Ke6 Bg3 53. Rxa6 Re5+ 54. Kd7 Rc5 55. Ra3 Be5 56. Re3 Bf4 57. Re4 g5 58. a4
Kg6 59. Re6+ Kh5 60. Rd6 Ra5 61. c7 Ra7 62. a5 Kh4 63. a6 Bxd6 64. Kxd6 Rxa6+
0-1